书目信息 |
| 题名: |
北大文化产业评论
|
|
| 作者: | 叶朗 主编 | |
| 分册: | 下卷 2011年 | |
| 出版信息: | 北京 金城出版社 2012.7 |
|
| 页数: | 312页 | |
| 开本: | 26cm | |
| 丛书名: | ||
| 单 册: | ||
| 中图分类: | G114 | |
| 科图分类: | ||
| 主题词: | 文化产业--研究 | |
| 电子资源: | ||
| ISBN: | 978-7-5502-0903-9 | |
| 000 | 00959nas0 2200253 450 | |
| 001 | 524 | |
| 005 | 20140909170304.98 | |
| 010 | @a978-7-5502-0903-9@dCNY36.00 | |
| 100 | @a20140310d2012 ekmy0chiy0120 ea | |
| 101 | 0 | @achi |
| 102 | @aCN@b110000 | |
| 105 | @aa z 000yy | |
| 106 | @ar | |
| 200 | 1 | @a北大文化产业评论@ABei Da Wen Hua Chan Ye Ping Lun@i2011年@I2011 Nian@h下卷@HXia Juan@dPeking university cultural industries review@f叶朗主编@FYe Lang Zhu Bian@zeng |
| 210 | @a北京@c金城出版社@d2012.7 | |
| 215 | @a312页@c图 (部分彩图)@d26cm | |
| 320 | @a有书目 | |
| 330 | @a本书是北京大学文化产业研究院主办的文化产业研究性学术期刊, 以理论分析、政策解读和前尚观察等形式对文化产业相关领域展开理论性、批判性、历史性和国际性的研究。 | |
| 510 | 1 | @aPeking university cultural industries review@zeng |
| 606 | 0 | @a文化产业@x研究 |
| 690 | @aG114@v5 | |
| 701 | 0 | @a叶朗@AYe Lang@4主编 |
| 801 | 0 | @aCN@bTANGWEI@c20140603 |
| 905 | @b0837336-38@dG114@e27:2@f3 | |
| 北大文化产业评论.2011年.下卷=Peking university cultural industries review/叶朗主编.-北京:金城出版社,2012.7 |
| 312页:图 (部分彩图);26cm |
| ISBN 978-7-5502-0903-9:CNY36.00 |
| 本书是北京大学文化产业研究院主办的文化产业研究性学术期刊, 以理论分析、政策解读和前尚观察等形式对文化产业相关领域展开理论性、批判性、历史性和国际性的研究。 |
| ● |
| 相关链接 |
|
|
|
|
正题名:北大文化产业评论
索取号:G114/27:2
 
预约/预借
| 序号 | 登录号 | 条形码 | 馆藏地/架位号 | 状态 | 备注 |
| 1 | 0837336 | 208373366 | 第一样本阅览室/ [索取号:G114/27:2] | 在馆 | |
| 2 | 0837337 | 208373375 | 第四借阅区/ [索取号:G114/27:2] | 在馆 | |
| 3 | 0837338 | 208373384 | 密集书库-海洋学院/ [索取号:G114/27:2] | 在馆 |